Konštrukcia formy na vstrekovanie plastov s počítačovou podporou

Uložené v:
Podrobná bibliografia
Hlavný autor: Cíbik, Marek (Autor)
Ďalší autori: Bílik, Jozef (Vedúci práce)
Médium: Rukopis Kniha
Jazyk:Slovak
Vydavateľské údaje: 2020
Predmet:
On-line prístup:http://is.stuba.sk/zp/portal_zp.pl?podrobnosti=151765
Tagy: Pridať tag
Žiadne tagy, Buďte prvý, kto otaguje tento záznam!

MARC

LEADER 00000ntm a22000003a 4500
001 stuzp78316
003 SK-STU
005 20200704211918.4
007 ta
008 150427s2015----xo-----f-mn---000-0-slo-d
040 |a STU  |b slo 
041 0 |a slo 
100 1 |a Cíbik, Marek  |u 063000  |k Z4  |4 aut  |U MTF Materiálovotechnologická fakulta  |T MTF Ústav výrobných technológií  |X 80440  |U M3000  |Y 83  |7 80440 
242 0 1 |a Computer aided design of mould on injection moulding  |y eng 
245 1 0 |a Konštrukcia formy na vstrekovanie plastov s počítačovou podporou 
260 |c 2020 
650 4 |a plastový výlisok  |2 slo 
650 4 |a vstrekovacia forma  |2 slo 
650 4 |a konštrukčný návrh  |2 slo 
650 4 |a vstrekovanie  |2 slo 
650 4 |a construction design  |2 eng 
650 4 |a injection  |2 eng 
650 4 |a plastic molding  |2 eng 
650 4 |a injection mold  |2 eng 
700 1 |a Bílik, Jozef  |u 063400  |k Z1  |4 ths  |U MTF Ústav výrobných technológií  |T MTF Katedra tvárnenia kovov a plastov  |X 1547  |U M3400  |Y 163  |7 A000001547 
856 4 |u http://is.stuba.sk/zp/portal_zp.pl?podrobnosti=151765 
996 |c M* DP-14170  |l MMKN  |s P  |a 0  |w stuzp78316_0001